[Event "USA-ch U16"]
[Site "Saint Louis"]
[Date "2015.07.09"]
[Round "3"]
[White "Liou, Yian"]
[Black "Chandra, Akshat"]
[Result "1/2-1/2"]
[WhiteElo "2417"]
[BlackElo "2495"]
[Annotator "Molner,M"]
[PlyCount "63"]
[EventDate "2015.07.07"]
[EventType "tourn"]
[EventRounds "9"]
[EventCountry "USA"]
[EventCategory "6"]
[SourceTitle "CBM 167 Extra"]
[Source "ChessBase"]
[SourceDate "2015.09.14"]
[SourceVersion "1"]
[SourceVersionDate "2015.09.14"]
[SourceQuality "1"]
[WhiteClock "0:17:36"]
[BlackClock "0:06:09"]

1. e4 c5 2. Nf3 d6 3. d4 cxd4 4. Nxd4 Nf6 5. Nc3 a6 6. Be3 e6 7. Be2 {The
players reach a common position in the Najdorf, although White begins to play
several moves which are usually not combined together.} Qc7 8. Qd2 {If White
wants to play a quieter game, a4 is the best alternative, and a good way to
limit Black's activity} (8. a4 $5) 8... b5 9. a3 Bb7 10. f3 {As a player who
plays systems like this for both colors, I am left with a bit of a strange
impression by White's set up. The moves Be2 and f3 are rarely coupled together
because Be2 usually becomes an unnecessary move when White plays for g4. In
addition to this, a3 is also rarely played so early in English Attack type
setups such as this.} Nc6 {Kasparov's move when playing Black in this position}
11. Nxc6 Bxc6 12. g4 h6 (12... d5 $5 {This move would have led to some wild
complications.} 13. g5 dxe4 14. gxf6 Rd8 15. Bd4 Bc5 16. fxg7 Rg8 17. Nxe4 Bxe4
18. c3 {The computer calls this position equal but the chance of two human
players reaching this position is very slim. Akshat's move is a more natural
response to White's play}) 13. Rg1 {'?!' Usually the rook is better placed on
h1 because it will be actively placed once White follows through with h4 and g5
} (13. O-O-O $1 d5) 13... d5 14. exd5 Nxd5 15. Nxd5 Bxd5 16. f4 Be7 17. O-O-O
O-O {Castling into the storm but Akshat correctly evaluates that White's pawn
storm is not yet threatening} 18. Bd4 Rfd8 19. Qe3 Rac8 20. c3 Bc4 21. Bb6
Rxd1+ {Objectively this move isn't the strongest but it's hard to blame anyone
for not finding the following continuation beginning with 21... Qb8} (21... Qb8
$1 22. Bxd8 Bc5 $1 23. Qe5 Qxe5 24. fxe5 Bxe2 {With so many pieces under
attack, Black will regain the invested material with a better position}) 22.
Rxd1 Qc6 23. Bf3 Bd5 24. Bxd5 exd5 25. Bd4 (25. Qxe7 {A good alternative to
the move played in the game} Qxb6) 25... Bd6 26. Qf3 a5 27. g5 hxg5 28. fxg5
Be7 29. h4 b4 30. axb4 axb4 31. Rf1 Qe6 32. Qf5 {With a very simplified and
completely equal endgame about to take place, the players agreed to a draw}
1/2-1/2

[Event "Reykjavik Olis m"]
[Site "Reykjavik"]
[Date "2003.02.11"]
[Round "2"]
[White "Stefansson, Hannes"]
[Black "Movsesian, Sergei"]
[Result "0-1"]
[WhiteElo "2569"]
[BlackElo "2663"]
[Annotator "Movsesian,S"]
[PlyCount "68"]
[EventDate "2003.02.10"]
[EventType "match"]
[EventRounds "6"]
[EventCountry "ISL"]
[SourceTitle "CBM 094"]
[Source "ChessBase"]
[SourceDate "2003.05.26"]
[SourceVersion "1"]
[SourceVersionDate "2003.05.26"]
[SourceQuality "1"]

1. e4 c5 2. Nf3 d6 3. d4 cxd4 4. Nxd4 Nf6 5. Nc3 e6 6. Be3 Be7 7. f4 a6 8. Be2
Qc7 9. g4 h6 10. Bf3 Nfd7 11. h4 b5 12. a3 Bb7 13. Nde2 $6 {Stefansson played
the opening in very non-standard way, but this idea is already too much.White
is loosing 2 tempos to attack g7 pawn, but it brings no effect} ({Better looked
} 13. Qe2 Nb6 14. O-O-O N8d7 $13) 13... Nb6 14. Bd4 Bf8 $1 {A simple move,
which brings white's concept under question.} 15. Qd3 N8d7 16. Ng3 (16. O-O-O
Nc5 17. Bxc5 dxc5 18. e5 c4 19. Qe3 Bc5 20. Nd4 Rd8 {with a very comfortable
position for black}) 16... O-O-O $5 {Not very usual in sicilian, but in this
position it is just the fastest way to develop pieces!} 17. b4 Nc4 (17... Ne5
$2 18. fxe5 dxe5 19. Bxb6 Rxd3 20. Bxc7 Rxc3 21. Bxe5 Rxf3 22. Ke2) 18. Bf2 d5
$1 (18... Nde5 {is not bringing a decisive effect} 19. fxe5 dxe5 20. Nd5 $1 (
20. Qe2 Rd2 21. Qxd2 Nxd2 22. Kxd2 Bxb4 23. axb4 Rd8+ 24. Ke2 Qc4+ $19) 20...
exd5 21. exd5 $13) 19. exd5 Qxf4 20. Nge2 Qc7 {Now white's positions becomes
completely exposed and all black pieces are entering the play} 21. Qd4 Bd6 ({
Maybe simple} 21... Ndb6 $5 {winning a pawn was even better}) 22. Rh3 $7 Be5
23. Qa7 Nf6 24. dxe6 Bxc3+ 25. Nxc3 Qe5+ 26. Be2 (26. Kf1 Nd2+) 26... Ne4 27.
Bxc4 Nxc3+ 28. Re3 Ne4 29. c3 Qh2 $19 (29... Qf4) 30. Rxe4 Qh1+ 31. Bf1 Qxe4+
32. Be2 Qh1+ 33. Bf1 Rhe8 {The last undeveloped piece finally comes to a game
and white has to resign} 34. Qc5+ Bc6 0-1

[Event "Reykjavik Olis m"]
[Site "Reykjavik"]
[Date "2003.02.15"]
[Round "6"]
[White "Stefansson, Hannes"]
[Black "Movsesian, Sergei"]
[Result "1/2-1/2"]
[WhiteElo "2569"]
[BlackElo "2663"]
[Annotator "Movsesian,S"]
[PlyCount "37"]
[EventDate "2003.02.10"]
[EventType "match"]
[EventRounds "6"]
[EventCountry "ISL"]
[SourceTitle "CBM 094"]
[Source "ChessBase"]
[SourceDate "2003.05.26"]
[SourceVersion "1"]
[SourceVersionDate "2003.05.26"]
[SourceQuality "1"]

1. e4 c5 2. Nf3 d6 3. d4 cxd4 4. Nxd4 Nf6 5. Nc3 e6 6. Be3 a6 7. Be2 Qc7 8. a3
b5 9. g4 Bb7 10. f3 Nc6 11. Qd2 Be7 12. h4 $5 {More accurate, as leaves g5
square for a bishop, as in a game} (12. g5 Nd7 13. O-O-O Nce5) 12... Nd7 13.
O-O-O Nce5 14. Ndxb5 {Typical sacrifice in this positions. White is trying to
get 3pawns and a pair of bishops against black's 3 light pieces, where black
knight would have very few squares and will not be too coordinated.} axb5 15.
Nxb5 Qc8 $5 (15... Qc6 16. Nxd6+ Bxd6 17. Qxd6 Qxd6 18. Rxd6 $14) 16. Nxd6+
Bxd6 17. Qxd6 Ba6 18. Bg5 Nc6 (18... f6 $2 19. Qxe6+ Kf8 20. Bd2 $1 (20. Bxa6
$2 Rxa6 21. Rd6 Nd3+ $1 22. Kb1 N3c5) 20... Bxe2 21. Bb4+ Nc5 22. Rd8+ $18) 19.
Rh2 1/2-1/2

[Event "Reykjavik Olis m"]
[Site "Reykjavik"]
[Date "2003.02.13"]
[Round "4"]
[White "Stefansson, Hannes"]
[Black "Movsesian, Sergei"]
[Result "0-1"]
[WhiteElo "2569"]
[BlackElo "2663"]
[Annotator "Movsesian,S"]
[PlyCount "70"]
[EventDate "2003.02.10"]
[EventType "match"]
[EventRounds "6"]
[EventCountry "ISL"]
[SourceTitle "CBM 094"]
[Source "ChessBase"]
[SourceDate "2003.05.26"]
[SourceVersion "1"]
[SourceVersionDate "2003.05.26"]
[SourceQuality "1"]

1. e4 c5 2. Nf3 d6 3. d4 cxd4 4. Nxd4 Nf6 5. Nc3 e6 6. Be3 a6 7. Be2 Qc7 8. a3
b5 9. g4 Bb7 10. f3 h6 11. Qd2 Nbd7 12. O-O-O d5 $6 {Too optimistic.The
difference between usual English attack lines and this position are in white's
favour, so black should play more careful in the opening} 13. exd5 Nxd5 14.
Nxd5 Bxd5 15. Rhe1 Rd8 $5 {An interesting try.I spend about 40 minutes to find
some playable alternative here. Other moves looked pretty bad for black.} (
15... O-O-O 16. a4 $1 Nc5 17. axb5 e5 18. Nc6 axb5 19. Bxc5 Bxc5 20. Nxd8 Qa7
21. Qc3 b4 22. Ba6+ $18) (15... Bc5 $2 16. Bxb5 axb5 17. Nxb5 Qc6 18. Bxc5 Kd8
19. Be7+ $1 {Nevednichy-Timoshenko, Bucharest 93}) 16. Bxb5 Be7 (16... axb5 17.
Nxb5 Qb8 18. Qxd5 exd5 19. Bf4+ Be7 20. Bxb8 Nxb8 21. Nc7+ Kf8 22. Nxd5 Bh4 23.
Re4 h5 24. h3 $14 {White's position looked to be more promising here, so I've
decided to try play in a different way}) 17. Bf4 Qb7 $2 {This is a serious
mistake.} (17... Qb6 $44) 18. Bf1 $2 {White misses too!} (18. Nf5 $1 axb5 (
18... Qxb5 19. Nxe7 Bxf3 20. Nf5 O-O 21. Nd4 $1 Qd5 22. Nxf3 Qxf3 23. Bc7 $18)
19. Qxd5 $1 Qxd5 (19... exd5 20. Nd6+ Kf8 21. Nxb7 $18) 20. Rxd5 exd5 21. Rxe7+
Kf8 22. Bc7 $18) 18... O-O 19. g5 hxg5 20. Bxg5 Rb8 21. b4 Nf6 22. Bd3 Qd7 23.
c3 $2 {Too slow. White has no time to protect queen's side.} (23. Rg1 $5 $40)
23... Rfc8 24. Bc2 a5 $1 {Opening a-file and bringing black's queen to an
attack} 25. Rg1 axb4 26. axb4 Qa7 27. Qe3 Qa3+ 28. Kd2 Rxc3 29. Qe5 Qxb4 30.
Ke2 Qc4+ 31. Bd3 Rb2+ 32. Ke3 Nd7 $1 $19 {Dismissing white's queen from e5 and
practically winning the match} 33. Qxg7+ Kxg7 34. Bxe7+ Kh8 35. Rg4 Rxd3+ 0-1

[Event "Asia-chT 18th"]
[Site "Tabriz"]
[Date "2014.05.23"]
[Round "2.5"]
[White "Negi, Parimarjan"]
[Black "Nguyen, Huynh Minh Huy"]
[Result "1/2-1/2"]
[WhiteElo "2643"]
[BlackElo "2477"]
[Annotator "Negi,P"]
[PlyCount "66"]
[EventDate "2014.05.22"]
[EventType "team-tourn"]
[EventRounds "9"]
[EventCountry "IRI"]
[SourceTitle "CBM 161"]
[Source "ChessBase"]
[SourceDate "2014.07.16"]
[SourceVersion "1"]
[SourceVersionDate "2014.07.16"]
[SourceQuality "1"]
[WhiteTeam "India"]
[BlackTeam "Vietnam"]
[WhiteTeamCountry "IND"]
[BlackTeamCountry "VIE"]

1. e4 c5 2. Nf3 e6 3. d4 cxd4 4. Nxd4 a6 5. Be2 $5 {An interesting setup line
I have often used to avoid many Paulsen setups, and transpose to the
Scheveningen.} Nf6 6. Nc3 Qc7 {A more solid approach.} (6... Bb4 {is another
major line, but it's quite exciting for White after} 7. e5 Nd5 8. O-O $1 Nxc3
9. bxc3 Bxc3 {is too brave, but also the only critical move.} (9... Be7 {
just gives White a slight edge, although I did a very nice job of absolutely
messing it up in one of my games:} 10. Bf4 O-O 11. Qd3 Bg5 12. Bxg5 Qxg5 13. f4
Qe7 14. f5 f6 15. exf6 (15. Qh3 $6 Nc6 16. fxe6 $2 Nxe5 $17 {1/2-1/2 (41) Negi,
P (2621)-Muzychuk,A (2523) Wijk aan Zee 2010}) 15... Rxf6 16. Rad1 $16) 10. Ba3
$1 Qa5 (10... Qb6 11. Nf3 $1 Bxa1 12. Qxa1 Nc6 13. Bd6 (13. Nd2 Qd4 $1 14. Nc4
Qxa1 15. Rxa1 d5 16. Nd6+ Kd7 17. Nxf7 Re8 18. c4 d4) 13... Qa5 (13... Ne7 14.
Bd3 Qd8 (14... h6 15. Rb1 Qd8) 15. Qd4 h6 16. Rb1 $44 {0-0 now would land in a
terrible attack and otherwise it's difficult to improve on Black's position.})
14. Rd1 b5 15. Nd2 Bb7 16. Nb3 Qb6 17. Nc5 $44) (10... Nc6 11. Nxc6 dxc6 12.
Qxd8+ $5 (12. Bd6 $5 {should be good ~/= too I guess.} Bxa1 13. Qxa1 f5 $13)
12... Kxd8 13. Rad1+ Ke8 14. f4 $44 Bd7 $140 15. Rd3 Ba5 16. Rb1 $16) (10...
Bxa1 11. Qxa1 d5 $5 (11... b6 {White has many ways to continue the initiative,
for instance:} 12. Rd1 Bb7 13. Qc3 $5 Nc6 $140 14. Nf5 exf5 15. e6 Qf6 16.
exd7+ Kd8 17. Qe3 Qe5 18. Qxb6+ Qc7 19. Qe3 $36) 12. Rb1 (12. exd6 O-O $13)
12... Nc6 (12... f5 13. c4 Nc6 14. cxd5 Qxd5 15. Nxc6 Qxc6 16. Bh5+ g6 17. Bf3
$36) (12... Nd7 13. Bd6 Nf8 14. c4 $44) 13. Nxc6 bxc6 14. Qd4 Qa5 15. Bd6 $36)
11. Bd6 Nc6 (11... Bb4 12. Nb3 Qb6 13. Nd2 $1 $16) 12. Nxc6 dxc6 13. f4 $5 {
Not the only move, but despite the computer's initial approval, Black's
position remains very difficult:} Bxa1 14. Qxa1 Qd2 15. Bd3 Qe3+ 16. Kh1 Bd7
17. Qb2 b5 18. a4 Rc8 19. f5 exf5 20. e6 $1 Qxe6 21. Qxg7 Qxd6 22. Qxh8+ Qf8
23. Qxh7 $16 {1-0 (54) Giri,A (2714)-Vitiugov,N (2729) Reggio Emilia 2012 CBM
146 [Stohl,I]}) 7. O-O Bb4 8. Bd2 $5 {I felt rather proud of this move - even
if it's questionable how good it is objectively, it served the practical
purpose perfectly.} Be7 {The most solid response - clearly afraid to enter
into theoretical lines. But this converts exactly into a Scheveningen...
something my opponent wasn't very familiar with.} (8... Bxc3 {is the most
popular, but it's hardly worrying for White:} 9. Bxc3 Nxe4 10. Bb4 $1 d6 11.
Bf3 Nc5 12. Qd2 Nbd7 (12... O-O 13. Ba5 $1 {and the queen has no good squares}
Qd7 14. Rad1 $16) 13. Rfd1 O-O 14. Nb3 Ne5 15. Be2 a5 16. Qxd6 Qxd6 17. Rxd6
$14) (8... Nc6 {is the critical line, but given the dark-squared bishop it
looks somewhat dubious:} 9. Nxc6 bxc6 10. Nb5 $5 (10. Bd3 {is another very
playable option, played by Tal himself, but it's less scary for Black:} Be7 11.
Qf3 O-O 12. Rae1 e5 13. Qe2 d6 14. Kh1 Bg4 $6 15. f3 Bh5 16. Bxa6 $16 {1/2-1/2
(41) Tal,M-Furman,S Moscow 1957}) 10... axb5 11. Bxb4 c5 $1 12. Be1 b4 (12...
O-O 13. Bxb5 Nxe4 14. f3 Nf6 15. Bg3 Qb6 16. a4 d5 17. c4 $14) (12... Qc6 13.
f3 O-O 14. Bh4 $14) 13. f3 d5 $5 {The critical position. White has a few
interesting tries like creating an outside passed pawn with a4, or going after
the f6-knight with Bh4 at some point. But it's hard to prove something against
the computer... in a practical game though White's bishop pair, and a-passer
seem to give him better chances.}) 9. Be3 (9. f4 {allows} Bc5 10. Be3 d6 {
as an extra option.}) 9... d6 (9... Bb4 {is actually not that stupid, but I
really doubted if he'd just be willing to lose a move (Be3). I could at least
play Bd2 again, and then go for f4.}) 10. a4 Nc6 ({Here, Black had an
interesting way to try and make use of White's unusual move order:} 10... b6 $5
11. f4 Bb7 12. Bf3 Nbd7 {is a very different line, but it has served Black
surprisingly well in practice.} 13. f5 (13. Qe2 O-O 14. Bf2 Rfe8 15. Nb3 Rac8
16. g4 d5 17. e5 Ne4 18. Bd4 f6 19. Nxe4 dxe4 20. Bxe4 Bxe4 21. Qxe4 fxe5 22.
fxe5 Qxc2 $15 {1/2-1/2 (112) Kosteniuk,A (2525)-Hou,Y (2578) Beijing 2008})
13... e5 14. Nb3 h5 $5 15. h3 h4 16. Qe2 Rc8 17. Rfc1 Qc4 18. Qxc4 Rxc4 19. Nd2
Rc8 20. Be2 Nc5 21. Bf3 Ncd7 22. Be2 Nc5 23. Bf3 Ncd7 24. Be2 {1/2-1/2 (23)
Stojanovic,D (2469)-Wojtaszek,R (2640) Novi Sad 2009}) 11. f4 Nxd4 $2 {His
lack of knowledge in the Scheveningen was immediately evident. Black should
usually not play ...Nxd4, ...e5 when White can take with the queen, since it
will save White an important tempo.} (11... O-O 12. Kh1 Re8 13. Bf3 {is the
classical main line with hundreds of games.}) 12. Qxd4 e5 13. Qd3 $1 exf4 14.
Bxf4 {I had once got exactly the same position, but with White's pawn on a2,
as Black against Felgaer. I was absolutely crushed in that game... so now I
felt supremely confident.} O-O (14... Be6 {it's important to note that Black
doesn't have time for the typical ...Nd7-Ne5 due to} 15. Rad1 $14) 15. Rad1 Be6
16. Kh1 (16. Bxd6 $142 Qb6+ 17. Qd4 $1 {unfortunately I missed this move,
although I had little to complain about how the game turned out.}) 16... Rfd8
17. Qg3 Ne8 {This looks very passive... but since Nd7-Ne5 isn't possible,
Black doesn't have any easy choices.} 18. Bd3 {Regrouping for a future Nd5.
The knight on e8 will be really passive, and only block Black's rooks from
returning to the kingside. So it was time to start planning an attack...} Bf6
19. Bg5 Qe7 $6 {This just allows me to practice my tactical skills.} (19...
Bxg5 {had to be played, but after} 20. Qxg5 {/\ Nd5, White seems to have
excellent, and largely unchallenged prospects on the kingside.}) 20. Rxf6 $1 {
Not that hard to notice, but the critical position comes after the next move:}
Nxf6 21. Rf1 Kf8 22. e5 $2 {Not a bad move... but it complicates the task
considerably.} ({My initial plan was} 22. Qh4 $1 {but I began to see ghosts
after} Ke8 23. Nd5 $1 {is fairly straightforward, and wins:} ({But even the
line I was calculating after} 23. Rxf6 gxf6 24. Bxf6 Qf8 {is rather nice for
White since Black simply can't move. Now, I could play the really cool} 25. a5
$44 {/\ h3 etc. Alas... it would have been such pleasure to be able to play
such moves while two exchanges down.}) 23... Bxd5 24. exd5 Kd7 25. Re1 Qf8 26.
Qc4 $1 Re8 27. Bf5+ Kd8 28. Be3 $1 $18) 22... dxe5 23. Ne4 {Somehow, I
expected Black to just turn over and resign.} Qb4 $1 24. Nxf6 gxf6 25. Bxf6 Qg4
{Queen exchanges are always so annoying when you are attacking...} {And yet,
for some mysterious reason I decided to play safe now and hope to get chances
in an obviously drawish endgame.} 26. Qxg4 $2 (26. Qxe5 Bd5 $1 {was definitely
too complicated.}) (26. Qe3 $1 Bd5 27. Qf2 {was even seen by me, but for some
reason I did not pursue the calculation further:} e4 28. Be2 Qg6 (28... e3 29.
Bxg4 exf2 30. Bxd8 Rxd8 31. Rxf2 $14) 29. Qc5+ $18 {the move I didn't see.})
26... Bxg4 27. Bxd8 Rxd8 28. Bxh7 Rd4 {It is sad to note with the computer
that Black should probably be ok after various other moves as well...} 29. b3
Kg7 30. c3 {Too sophisticated.} (30. Bd3 {was still a very much viable try.} e4
(30... Be6 31. Rd1 $1 $14) 31. Bc4 f6 {and Black has decent compensation, but
White has something to play for... unlike the game.}) 30... Rd2 31. Be4 Bd1 $1
{The simplest way.} 32. b4 b6 33. Kg1 Bxa4 {...and I accepted the draw offer
as trying anything more could only spoil my position further.} 1/2-1/2

[Event "Novgorod op"]
[Site "Novgorod"]
[Date "1995.??.??"]
[Round "8"]
[White "Yemelin, Vasily"]
[Black "Novikov, Igor A"]
[Result "1/2-1/2"]
[WhiteElo "2515"]
[BlackElo "2590"]
[Annotator "Novikov,I"]
[PlyCount "31"]
[EventDate "1995.05.??"]
[EventType "swiss"]
[EventRounds "9"]
[EventCountry "RUS"]
[SourceTitle "EXT 2000"]
[Source "ChessBase"]
[SourceDate "1999.11.16"]
[SourceVersion "1"]
[SourceVersionDate "1999.11.16"]
[SourceQuality "1"]

1. e4 c5 2. Nf3 d6 3. d4 cxd4 4. Nxd4 Nf6 5. Nc3 a6 6. Be2 e6 7. f4 Be7 8. Be3
Qc7 9. g4 d5 $5 10. exd5 (10. e5 {Bologan,V-Novikov,I/S-Peterburg/1995/}) 10...
Bb4 11. dxe6 Bxc3+ 12. bxc3 Qxc3+ 13. Kf2 fxe6 14. Qd3 Qc7 15. Bf3 O-O 16. Qb3
$1 {Novikov/} (16. g5 Nd5 17. Bxd5 exd5 18. Nf3 {Zagrebelny,S-Khenkin,I/
Belgorod/1989/}) (16. Qb3 $1 Kh8 17. g5 (17. Nxe6 Bxe6 18. Qxe6 Qxc2+ 19. Kg3
Re8 20. Qb6 Nc6 21. Qxb7 (21. Rhe1 Ne4+ 22. Kh3 Re7 $13) 21... Na5 22. Qxa8
Rxa8 23. Bxa8 Qe2 24. Rhe1 Qxg4+ 25. Kf2 $13) 17... Nd5 18. Bxd5 exd5 19. Qxd5
Nc6 20. Nxc6 bxc6 21. Qc4 c5 $1 {/\ Bb7,Qc6 /^ h1-a8}) 1/2-1/2